00639cam a22002297a 4500003000500000005001700005008004100022010001000063011001000073020001500083035001000098040000900108082001700117100002900134245008000163260004400243300003100287650004100318650001400359700002100373700001500394CHAP20220817043453.0980910d1995 es a r 00110 spa d a76151 a77123 a8487440789 a86725 cCHAP04a636.085bM3300aMadrid Vicente, Antonio.10aPiensos y alimentos para animalesc/por A. Madrid, R. Madrid y J. M. Madrid aMadrid :bA. Madrid Vicente Ed.,c1995. a332 p. :bilus. ; gráfs.14aAlimentos y alimentacion del ganado.14aForrajes.0 aMadrid, Juana M.0 aMadrid, R.